[Event "France-ch U12"]
[Site "Reims"]
[Date "2004.04.19"]
[Round "3"]
[White "Ollier, Pablo"]
[Black "Renollet, Marvin"]
[Result "1-0"]
[WhiteElo "1840"]
[BlackElo "1450"]
[PlyCount "79"]
[EventDate "2004.04.??"]
[EventType "swiss"]
[EventRounds "9"]
[EventCountry "FRA"]
[SourceTitle "EXT 2005"]
[Source "ChessBase"]
[SourceDate "2004.11.15"]
[SourceVersion "1"]
[SourceVersionDate "2004.11.15"]
[SourceQuality "1"]

1. c4 c5 2. Nc3 Nc6 3. g3 g6 4. Bg2 Qc7 5. d3 Bg7 6. Bd2 e6 7. Nf3 Nf6 8. Bf4 Qd8 9. Bd6 Ne7 10. Nb5 Qb6 11. Ne5 a6 12. Bc7 Qxb5 13. cxb5 axb5 14. 0-0 Nfd5 15. Bd6 Ra6 16. Bxe7 Nxe7 17. f4 d6 18. Nf3 Bxb2 19. Rb1 Bd4+ 20. Nxd4 cxd4 21. Qb3 Bd7 22. Bxb7 Rb6 23. Bg2 Nf5 24. Rfc1 0-0 25. a4 Rfb8 26. a5 Ra6 27. Qb4 d5 28. Rc7 Be8 29. Rbc1 Raa8 30. g4 Nh4 31. Bh1 Rd8 32. Qe7 g5 33. Qxg5+ Ng6 34. f5 exf5 35. gxf5 Ra6 36. Qxd8 Nf4 37. Qxe8+ Kg7 38. Qxf7+ Kh6 39. Qg7+ Kh5 40. Bf3+ 1-0